00410nam a2200145Ia 4500008004100000082002500041100002200066245005100088260002200139260002800161260000900189300001000198500004300208650001300251260312s9999 xx 000 0 und d a331.5 M797n 1964 HNA aMontmollin, M. de 0aNuevas perspectivas en el estudio del trabajo. aEditorial Troquel bBuenos Aires, Argentina c1964 a134p. aColección Humberto Nogueira Alcalá aTrabajo